| 000 | 00823 a2200277 4500 | ||
|---|---|---|---|
| 999 |
_c36126 _d13440 |
||
| 001 | 36126 | ||
| 003 | TR-AnTOB | ||
| 005 | 20190519145849.0 | ||
| 008 | 060821s1967 tu 00000 tur | ||
| 040 |
_aTR-AnTOB _cTR-AnTOB |
||
| 041 | _atur | ||
| 050 |
_aDR592.K4 _b.A83 1967 |
||
| 090 | _aDR592.K4 .A83 1967 | ||
| 245 | 0 |
_aAtatürk denizinden damlalar / _cderleyen Behçet Kemal Çağlar. |
|
| 264 | 1 |
_aİstanbul : _bAk Yayınları , _c1967. |
|
| 300 | _a318s. | ||
| 336 |
_2rdacontent _atext _btxt |
||
| 337 |
_2rdamedia _aunmediated _bn |
||
| 338 |
_2rdacarrier _avolume _bnc |
||
| 490 | 0 |
_aAk Yayınları ; _aLimited Şirketi neşriyatı ; _v7 |
|
| 600 |
_aAtatürk, Mustafa Kemal, _d1881-1938 _vAnekdotlar _926324 |
||
| 700 |
_aÇağlar, Behçet Kemal _926325 |
||
| 902 | _a0016129 | ||
| 942 |
_cBK _2lcc |
||